Дууч шувууд (Бичлэгийн дугаар. 821219)

MARC дэлгэрэнгүй
000 -Удирдлага
Ном зүйн бүртгэл тоо буюу кодлох утгыг агуулсан 00847nam a22002297a 4500
008 - ЕРӨНХИЙ МЭДЭЭЛЭЛ-ЭЛЕМЕНТҮҮДИЙН ӨГӨГДЛИЙН УРТ
fixed length control field 240608b mp ||||| |||| 00| 0 mon d
020 ## - ОЛОН УЛСЫН СТАНДАРТ НОМЫН ДУГААР-ISBN
Олон Улсын Стандарт Номын Дугаар 99929-0-471-2
035 ## - СИСТЕМИЙН ХЯНАЛТЫН ДУГААР
Системийн хяналтын дугаар 1292
040 ## - ЭХ СУРВАЛЖИЙГ ТОДОРХОЙЛОН БИЧИХ
Анхны каталогийн байгууллага DU1548031
Каталогийн хэл Монгол
Бичлэг хийж нэвтрүүлэх байгууллага MN-UlNLM
Өөрчлүүлэх байгууллага MN-UlNLM
Бичиглэлийн тодорхойлолт rda
041 ## - ХЭЛНИЙ КОД
Текстийн хэлний код/фонограм буюу салангид гарчиг Монгол
042 ## - AUTHENTICATION CODE
Authentication code 2934
084 ## - БУСАД АНГИЛЛЫН ДУГААР
Ангиллын нэр Номын сан номзүйн ангилал
Анги 28.693.35
Зохиогчийн 3-н тэмдэгт А-35
100 ## - ЗОХИОГЧИЙН ХЭСЭГ
Зохиогчийн нэр Эрвин Айгнэр
245 #0 - ҮНДСЭН ГАРЧИГ
Гарчиг Дууч шувууд
264 ## - ГАРАЛТЫН МЭДЭЭ
Хэвлэгдсэн газар Улаанбаатар
Бүтээгч, хэвлэгч, түгээгч, үйлдвэрлэгчийн нэр Адмон ХХК
Хэвлэгдсэн он 2003
300 ## - ТООНЫ МЭДЭЭ
Хуудасны тоо 20
336 ## - АГУУЛГЫН ТӨРӨЛ
Нөөц rdacontent
Агуулгын төрлийн нөхцөл text
Агуулгын төрлийн код txt
337 ## - MEDIA TYPE
Эх сурвалж rdamedia
Файлын төрөл unmediated
Файлын код n
338 ## - CARRIER TYPE
Source rdacarrier
Carrier type term volume
Carrier type code nc
650 ## - Сэдэв
Сэдэв Хар хөөндэй, Дуулгат ээрүүл бялзуухай, Гал сүүлт, Зана бялзуухай, Их хөх бух, Улаан гургалдай, Дууч хөөндэй, Хар тодол, Бор бужи...
942 ## - ЭЛЕМЕНТИЙН ТӨРӨЛ
Анги Номын сан номзүйн ангилал
Төрөл Ном
Захиалгууд
Буцаан татагдсан төлөв Хасагдсан шалтгаан Гэмтсэн төлөв Данс заагч Захиалах боломжгүй Үндсэн номын сан Одоогийн байршил Салбар танхим Салбар танхим Бүртгэсэн огноо Тавиурын заалт Баркод Үнэ Хамгийн сүүлд байсан огноо Нийт уншлаганд гарсан тоо Дансны дугаар Төрөл
          Дундговь Дундговь Дундговь | Сан хөмрөг Дундговь | Сан хөмрөг 2024-06-08 28.693.35 А-35 DU1541292-3-1 625.00 2024-06-08   81005 Ном
          Дундговь Дундговь Дундговь | Сан хөмрөг Дундговь | Сан хөмрөг 2024-06-08 28.693.35 А-35 DU1541292-3-2 625.00 2024-06-08   81006 Ном
          Дундговь Дундговь Дундговь | Сан хөмрөг Дундговь | Сан хөмрөг 2024-06-08 28.693.35 А-35 DU1541292-3-3 1000.00 2024-06-08   84676 Ном
          Дундговь Дундговь Дундговь | Хүүхдийн уншлагын танхим Дундговь | Хүүхдийн уншлагын танхим 2024-06-08 28.693.35 А-35 DU1541292-4-1 625.00 2024-06-08   81007 Ном
          Дундговь Дундговь Дундговь | Хүүхдийн уншлагын танхим Дундговь | Хүүхдийн уншлагын танхим 2024-06-08 28.693.35 А-35 DU1541292-4-2 625.00 2024-06-08   81008 Ном
          Дундговь Дундговь Дундговь | Хүүхдийн уншлагын танхим Дундговь | Хүүхдийн уншлагын танхим 2024-06-08 28.693.35 А-35 DU1541292-4-3 650.00 2024-06-08   87633 Ном